Schaum's outline of theory and problems of Partial Differential Equations (Record no. 267)
[ view plain ]
| 000 -LEADER | |
|---|---|
| fixed length control field | 01262cam a2200325 a 4500 |
| 001 - CONTROL NUMBER | |
| control field | 3333337 |
| 003 - CONTROL NUMBER IDENTIFIER | |
| control field | OSt |
| 005 - DATE AND TIME OF LATEST TRANSACTION | |
| control field | 20231213094606.0 |
| 008 - FIXED-LENGTH DATA ELEMENTS--GENERAL INFORMATION | |
| fixed length control field | 850924s1986 nyua 001 0 eng |
| 010 ## - LIBRARY OF CONGRESS CONTROL NUMBER | |
| LC control number | 85024156 |
| 020 ## - INTERNATIONAL STANDARD BOOK NUMBER | |
| International Standard Book Number | 0070178976 (pbk.) |
| 040 ## - CATALOGING SOURCE | |
| Original cataloging agency | DLC |
| Transcribing agency | DLC |
| Modifying agency | DLC |
| 050 00 - LIBRARY OF CONGRESS CALL NUMBER | |
| Classification number | QA374 |
| Item number | .D8 1986 |
| 082 00 - DEWEY DECIMAL CLASSIFICATION NUMBER | |
| Classification number | 515.353 DUC 1986 |
| Edition number | 19 |
| 100 1# - MAIN ENTRY--PERSONAL NAME | |
| Personal name | DuChateau, Paul; Zachmann, David W. |
| 9 (RLIN) | 710 |
| 245 10 - TITLE STATEMENT | |
| Title | Schaum's outline of theory and problems of Partial Differential Equations |
| 260 ## - PUBLICATION, DISTRIBUTION, ETC. (IMPRINT) | |
| Place of publication, distribution, etc. | New York : |
| Name of publisher, distributor, etc. | McGraw-Hill, |
| Date of publication, distribution, etc. | c1986. |
| 300 ## - PHYSICAL DESCRIPTION | |
| Extent | 241 p. : |
| Other physical details | ill. ; |
| Dimensions | 28 cm. |
| 440 #0 - SERIES STATEMENT/ADDED ENTRY--TITLE | |
| Title | Schaum's outline series. |
| Name of part/section of a work | Schaum's outline series in mathematics |
| 9 (RLIN) | 711 |
| 500 ## - GENERAL NOTE | |
| General note | Cover title: Theory and problems of partial differential equations. |
| 500 ## - GENERAL NOTE | |
| General note | Spine title: Partial differential equations. |
| 500 ## - GENERAL NOTE | |
| General note | Includes index. |
| 650 #0 - SUBJECT ADDED ENTRY--TOPICAL TERM | |
| Topical term or geographic name as entry element | Differential equations |
| 9 (RLIN) | 712 |
| 740 0# - ADDED ENTRY--UNCONTROLLED RELATED/ANALYTICAL TITLE | |
| Uncontrolled related/analytical title | Partial differential equations. |
| 740 0# - ADDED ENTRY--UNCONTROLLED RELATED/ANALYTICAL TITLE | |
| Uncontrolled related/analytical title | Theory and problems of partial differential equations. |
| 856 42 - ELECTRONIC LOCATION AND ACCESS | |
| Materials specified | Publisher description |
| Uniform Resource Identifier | <a href="http://www.loc.gov/catdir/description/mh022/85024156.html">http://www.loc.gov/catdir/description/mh022/85024156.html</a> |
| 856 41 - ELECTRONIC LOCATION AND ACCESS | |
| Materials specified | Table of contents |
| Uniform Resource Identifier | <a href="http://www.loc.gov/catdir/toc/mh021/85024156.html">http://www.loc.gov/catdir/toc/mh021/85024156.html</a> |
| 906 ## - LOCAL DATA ELEMENT F, LDF (RLIN) | |
| a | 7 |
| b | cbc |
| c | orignew |
| d | 1 |
| e | ocip |
| f | 19 |
| g | y-gencatlg |
| 942 ## - ADDED ENTRY ELEMENTS (KOHA) | |
| Source of classification or shelving scheme | Dewey Decimal Classification |
| Koha item type | Book Bank |
| Withdrawn status | Lost status | Source of classification or shelving scheme | Damaged status | Not for loan | Home library | Current library | Date acquired | Source of acquisition | Inventory number | Total Checkouts | Full call number | Barcode | Date last seen | Koha item type | Price effective from |
|---|---|---|---|---|---|---|---|---|---|---|---|---|---|---|---|
| Dewey Decimal Classification | MUST Main Library | MUST Main Library | 21/07/2014 | Purchase | 05/24747 | 515.353 DUC 1986 | 2014-1290 | 21/07/2014 | Book Bank | ||||||
| Dewey Decimal Classification | MUST Main Library | MUST Main Library | 21/07/2014 | Purchase | 05/24749 | 515.353 DUC 1986 | 2014-1291 | 21/07/2014 | Book Bank | ||||||
| Dewey Decimal Classification | MUST Main Library | MUST Main Library | 21/07/2014 | Purchase | 06/26640 | 515.353 DUC 1986 | 2014-1292 | 21/07/2014 | Book Bank | ||||||
| Dewey Decimal Classification | MUST Main Library | MUST Main Library | 21/07/2014 | Purchase | 06/26638 | 515.353 DUC 1986 | 2014-1293 | 21/07/2014 | Book Bank | ||||||
| Dewey Decimal Classification | MUST Main Library | MUST Main Library | 21/07/2014 | Purchase | 06/26643 | 515.353 DUC 1986 | 2014-1294 | 21/07/2014 | Book Bank | ||||||
| Dewey Decimal Classification | MUST Main Library | MUST Main Library | 21/07/2014 | Purchase | 06/26642 | 515.353 DUC 1986 | 2014-1295 | 21/07/2014 | Book Bank | ||||||
| Dewey Decimal Classification | MUST Main Library | MUST Main Library | 21/07/2014 | Purchase | 05/24748 | 515.353 DUC 1986 | 2014-1296 | 21/07/2014 | Book Bank | ||||||
| Dewey Decimal Classification | MUST Main Library | MUST Main Library | 21/07/2014 | Purchase | 06/26637 | 515.353 DUC 1986 | 2014-1297 | 21/07/2014 | Book Bank | ||||||
| Dewey Decimal Classification | MUST Main Library | MUST Main Library | 13/12/2023 | Purchase | 06/26639 | 515.353 DUC 1986 | 2023-0729 | 13/12/2023 | Open Shelf | ||||||
| Other/Generic Classification Scheme | MUST Main Library | MUST Main Library | 12/06/2024 | 06/27894 | 515.353 DUC 1986 | 2024-20350 | 12/06/2024 | Book | 12/06/2024 | ||||||
| Other/Generic Classification Scheme | MUST Main Library | MUST Main Library | 12/06/2024 | purchase | 06/27895 | 515.353 DUC 1986 | 2024-20351 | 12/06/2024 | Book | 12/06/2024 |
